|
|
|
|
| LEADER |
00000cam a2200000 7i4500 |
| 001 |
0000000848 |
| 005 |
20001016.0 |
| 020 |
0 |
0 |
|a 9839663089
|
| 090 |
0 |
0 |
|a 574.526325
|b TAS 1993
|
| 245 |
0 |
0 |
|a TASEK Bera :
|b The wetland benefits of the lake system and recommendations for management
|c compilers Philip Benstead, Catherine Jeffs, Rebecca D'Cruz
|
| 260 |
0 |
0 |
|a Kuala Lumpur :
|b Asian Wetland Bureau ,
|c 1993
|
| 300 |
|
|
|a 33 leaves :
|b ill., maps ;
|c 30 cm.
|
| 500 |
0 |
0 |
|a Bibliography: [p. 27-29]
|
| 650 |
0 |
0 |
|a Lakes
|z Pahang
|
| 650 |
0 |
0 |
|a Wetland conservation
|
| 650 |
0 |
0 |
|a Wetlands
|x Management
|
| 650 |
0 |
0 |
|a Wetlands
|z Malaysia
|
| 700 |
0 |
1 |
|a Benstead
|h Philip
|
| 700 |
0 |
1 |
|a D'Cruz
|h Rebecca
|
| 700 |
0 |
1 |
|a Jeffs
|h Catherine
|
| 710 |
1 |
1 |
|a Asian Wetland Bureau (AWB)
|
| 710 |
1 |
1 |
|a Universiti Malaya ,
|c Institut Pengajian Tinggi
|
| 710 |
1 |
1 |
|a World Wildlife Fund Malaysia
|
| 999 |
|
|
|a 0000000182
|b Monograph
|c Open Shelf
|e Default branch
|